A float in the Atlantic / (Record no. 168839)

MARC details
000 -LEADER
fixed length control field 00588nam a22001817a 4500
005 - DATE AND TIME OF LATEST TRANSACTION
control field 20191029143402.0
010 ## - LCCN (DPL NO)
LC control number ENG-126724
020 ## - INTERNATIONAL STANDARD BOOK NUMBER
International Standard Book Number 9789387989016
Terms of availability 150.00
035 ## - SYSTEM CONTROL NUMBER
System control number EN-110256
037 ## - SOURCE OF ACQUISITION
Source of stock number/acquisition DBAD/PUB
082 ## - DEWEY DECIMAL CLASSIFICATION NUMBER
Classification number 808.883
100 ## - MAIN ENTRY--PERSONAL NAME
Personal name Gadgil, Gangadhar
245 ## - TITLE STATEMENT
Title A float in the Atlantic /
Statement of responsibility, etc by Gangadhar Gadgil
260 ## - PUBLICATION, DISTRIBUTION, ETC. (IMPRINT)
Place of publication, distribution, etc New Delhi
Name of publisher, distributor, etc Sahitya Akadmi
Date of publication, distribution, etc 2018
270 ## - ADDRESS
Address Rabindra Bhavan
City 35, Ferozshah Road,New Delhi
Postal code 110001
Telephone number 011-23386626/27/28
Electronic mail address secretary@sahitya.akademi.gov.in
300 ## - PHYSICAL DESCRIPTION
Extent 169p.
Dimensions 22cm(pbk)
942 ## - ADDED ENTRY ELEMENTS (KOHA)
Source of classification or shelving scheme Dewey Decimal Classification
Item type English Books
Classification part 808.883
Call number suffix GAD
Holdings
Withdrawn status Lost status Not for loan Collection code Home library Current library Date acquired Source of acquisition Cost, normal purchase price Full call number Barcode Copy number Cost, replacement price Koha item type
    Not For Loan Non-fiction D.B.Act.Division D.B.Act.Division 29/10/2019 DBAD/PUB 150.00 808.883 GAD EN-110256 1 150.00 English Books

© Delhi Public Library
Hit Counter
free hit counter